000 01091nam a22003377a 4500
001 BR7906504
003 BR-BrBNA
005 20230928090206.0
007 ta
008 230509b bl.||||| |||| 00| 0 por d
040 _aBR-BrBNA
_bpor
_cBiblioteca Nacional de Agricultura
041 _a(Por)
072 _aF00; F60
_b0336
_b3575
_b/G514
090 _ 0336 BR7906504
100 1 _aPola, J.N.
110 1 _aUniversidade Federal de Pelotas, RS (Brasil)
_0Tese (Mestre)
_910876
245 1 _aEfeito do retardamento de colheita sobre germinacao, vigor e sanidade de sementes de soja (Glycine max (L.)Merrill [Densidade de semeadura; Maturacao; Teste de vigor; Brasil]
260 3 _aPelotas, RS (Brasil):
_c1979.
300 _a144 p.
500 _a93 tables; Bibliography p. 139-144 (54 ref.); Summaries (Eng, Por)
650 _aSOJA
650 _aSEMENTE
650 _aCOLHEITA
650 _aDENSIDADE DE SEMEADURA
650 _aSEMEADURA
650 _aGERMINACAO
650 _aMATURACAO
650 _aTESTE DE VIGOR
909 _a202309
_bLucia
_c55
_dLucia Elande
942 _cBK
999 _c28031
_d28031